La dotación inmortal: 21 de mayo de 1879

Guardat en:
Dades bibliogràfiques
Autor corporatiu: Museo Naval y Marítimo Valparaíso (Autor)
Format: Llibre
Idioma:espanyol
Publicat: Valparaíso Museo Naval y Marítimo Valparaíso 2006
Matèries:
Etiquetes: Afegir etiqueta
Sense etiquetes, Sigues el primer a etiquetar aquest registre!

MARC

LEADER 00000cam a2200000 a 4500
001 UCF7010
003 CL-VaPUC
008 130606e20060400CL |||||||||||||||||spa|d
020 |a 956835400X 
082 0 4 |a 983.0616  |b MUS  |2 21 
110 2 |a Museo Naval y Marítimo Valparaíso  |e author  |9 568984 
245 1 3 |a La dotación inmortal: 21 de mayo de 1879 
300 |a 283 p 
942 |c BK 
945 |d 20130606 00:00:00  |a dcastane 
260 |a Valparaíso  |b Museo Naval y Marítimo Valparaíso  |c 2006 
650 0 |a Historia de Chile  |9 265473 
650 7 |a COMBATE NAVAL DE IQUIQUE  |2 CL-VaPUC  |9 352618 
650 0 |a Guerra del Pacífico  |9 265541 
650 7 |a MEMORIAS  |2 CL-VaPUC  |9 269159 
650 0 |a Fuentes Históricas  |9 265141 
583 |a last modification  |c 20130606 11:56:00  |k Rodrigo Vera 
999 |c 351977  |d 351975 
952 |0 0  |1 0  |4 0  |6 983_061600000000000_MUS_2006  |7 0  |8 X  |9 456449  |a FDOBUD  |b FDOBUD  |d 2019-11-22  |i 4881168  |o 983.0616 MUS 2006  |p 4881168  |r 2019-11-22  |w 2019-11-22  |y BK_X  |k BUD